| 000 | 01145nam a22003377a 4500 | ||
|---|---|---|---|
| 001 | BR2011000006 | ||
| 003 | BR-BrBNA | ||
| 005 | 20230928103435.0 | ||
| 007 | ta | ||
| 008 | 230509b bl.||||| |||| 00| 0 por d | ||
| 040 |
_aBR-BrBNA _bpor _cBiblioteca Nacional de Agricultura |
||
| 041 | _a(Por) | ||
| 072 |
_aE70 _b1126 |
||
| 090 | _ 1126 BR2011000006 | ||
| 100 | 1 | _aDetoni, A.M.S. | |
| 110 | 1 |
_aUniversidade de Brasília, DF (Brasil). Faculdade de Agronomia e Medicina Veterinária _0Tese (Especialização em Gestão de Agronegócios) |
|
| 245 | 1 | _aAnálise da interface entre o padrão oficial de classificação do abacaxi e a qualidade percebida pelos consumidores do produto de Brasília e Goiânia | |
| 260 | 3 |
_aBrasília, DF (Brasil): _c2009. |
|
| 300 | _a43 p. | ||
| 500 | _aSummaries (Eng, Por); 18 ref.; 12 tables | ||
| 650 | _aABACAXI | ||
| 650 | _aCLASSIFICAÇÃO DE PRODUTO | ||
| 650 | _aQUALIDADE | ||
| 650 | _aCADEIA PRODUTIVA | ||
| 650 | _aREGULAMENTAÇÃO | ||
| 650 | _aPREFERÊNCIA ALIMENTAR | ||
| 650 | _aGOIÁS | ||
| 650 | _aDISTRITO FEDERAL | ||
| 909 |
_a202309 _bLucia _c55 _dLucia Elande |
||
| 942 | _cBK | ||
| 999 |
_c75125 _d75125 |
||